All Capital Cities to Country Quiz - Statistics

General Stats
  • This quiz has been taken 10 times
  • The average score is 102 of 196
Answer Stats
Country Capital City % Correct
Andorra Andorra la Vella
100%
Belgium Brussels
100%
Belarus Minsk
100%
Bosnia and Herzegovina Sarajevo
100%
Bulgaria Sofia
100%
Albania Tirana
100%
Austria Vienna
100%
Netherlands Amsterdam
83%
Greece Athens
83%
Germany Berlin
83%
Switzerland Bern
83%
Slovakia Bratislava
83%
Romania Bucharest
83%
Hungary Budapest
83%
Denmark Copenhagen
83%
Ireland Dublin
83%
Finland Helsinki
83%
Ukraine Kyiv
83%
Portugal Lisbon
83%
United Kingdom London
83%
Luxembourg Luxembourg
83%
Spain Madrid
83%
Monaco Monaco
83%
Russia Moscow
83%
Norway Oslo
83%
France Paris
83%
Czech Republic Prague
83%
Iceland Reykjavík
83%
Italy Rome
83%
Sweden Stockholm
83%
Lithuania Vilnius
83%
Poland Warsaw
83%
Croatia Zagreb
83%
United Arab Emirates Abu Dhabi
67%
Algeria Algiers
67%
Jordan Amman
67%
Turkey Ankara
67%
Paraguay Asunción
67%
Iraq Baghdad
67%
Thailand Bangkok
67%
China Beijing
67%
Lebanon Beirut
67%
Colombia Bogotá
67%
Brazil Brasília
67%
Argentina Buenos Aires
67%
Egypt Cairo
67%
Australia Canberra
67%
Venezuela Caracas
67%
Moldova Chișinău
67%
Syria Damascus
67%
Qatar Doha
67%
Vietnam Hanoi
67%
Pakistan Islamabad
67%
Indonesia Jakarta
67%
Israel Jerusalem
67%
Afghanistan Kabul
67%
Nepal Kathmandu
67%
Malaysia Kuala Lumpur
67%
Kuwait Kuwait City
67%
Bolivia La Paz / Sucre
67%
Philippines Manila
67%
Mexico Mexico City
67%
Oman Muscat
67%
India New Delhi
67%
Cyprus Nicosia
67%
Canada Ottawa
67%
Panama Panama City
67%
Haiti Port-au-Prince
67%
South Africa Pretoria / Cape Town / Bloemfontein
67%
Ecuador Quito
67%
Latvia Riga
67%
Saudi Arabia Riyadh
67%
San Marino San Marino
67%
Chile Santiago
67%
South Korea Seoul
67%
Singapore Singapore
67%
Taiwan Taipei
67%
Estonia Tallinn
67%
Georgia Tbilisi
67%
Iran Tehran
67%
Japan Tokyo
67%
Libya Tripoli
67%
Mongolia Ulaanbaatar
67%
Liechtenstein Vaduz
67%
Vatican City Vatican City
67%
United States Washington D.C.
67%
New Zealand Wellington
67%
Ethiopia Addis Ababa
50%
Turkmenistan Ashgabat
50%
Kazakhstan Astana
50%
Azerbaijan Baku
50%
Brunei Bandar Seri Begawan
50%
Serbia Belgrade
50%
Belize Belmopan
50%
Senegal Dakar
50%
Bangladesh Dhaka
50%
Djibouti Djibouti
50%
Tajikistan Dushanbe
50%
Guyana Georgetown
50%
Guatemala Guatemala City
50%
Cuba Havana
50%
Sudan Khartoum
50%
Jamaica Kingston
50%
Peru Lima
50%
Slovenia Ljubljana
50%
Maldives Malé
50%
Nicaragua Managua
50%
Somalia Mogadishu
50%
Uruguay Montevideo
50%
Kenya Nairobi
50%
Bahamas Nassau
50%
Myanmar Naypyidaw
50%
Cambodia Phnom Penh
50%
Montenegro Podgorica
50%
Kosovo Pristina
50%
North Korea Pyongyang
50%
Morocco Rabat
50%
Yemen Sana'a
50%
Costa Rica San José
50%
El Salvador San Salvador
50%
North Macedonia Skopje
50%
Uzbekistan Tashkent
50%
Bhutan Thimphu
50%
Malta Valletta
50%
Laos Vientiane
50%
Armenia Yerevan
50%
Nigeria Abuja
33%
Ghana Accra
33%
Madagascar Antananarivo
33%
Mali Bamako
33%
Central African Republic Bangui
33%
Kyrgyzstan Bishkek
33%
Guinea-Bissau Bissau
33%
Republic of the Congo Brazzaville
33%
Barbados Bridgetown
33%
Guinea Conakry
33%
East Timor Dili
33%
Tuvalu Funafuti
33%
Zimbabwe Harare
33%
Solomon Islands Honiara
33%
Rwanda Kigali
33%
Democratic Republic of the Congo Kinshasa
33%
Gabon Libreville
33%
Angola Luanda
33%
Bahrain Manama
33%
Liberia Monrovia
33%
Chad N'Djamena
33%
Mauritania Nouakchott
33%
Burkina Faso Ouagadougou
33%
Suriname Paramaribo
33%
Papua New Guinea Port Moresby
33%
Dominican Republic Santo Domingo
33%
São Tomé and Príncipe São Tomé
33%
Kiribati South Tarawa
33%
Sri Lanka Sri Jayawardenepura Kotte
33%
Honduras Tegucigalpa
33%
Tunisia Tunis
33%
Namibia Windhoek
33%
Ivory Coast Yamoussoukro
33%
Cameroon Yaoundé
33%
Samoa Apia
17%
Eritrea Asmara
17%
Gambia Banjul
17%
Saint Kitts and Nevis Basseterre
17%
Saint Lucia Castries
17%
Tanzania Dodoma
17%
Sierra Leone Freetown
17%
Botswana Gaborone
17%
Burundi Gitega
17%
South Sudan Juba
17%
Uganda Kampala
17%
Saint Vincent and the Grenadines Kingstown
17%
Malawi Lilongwe
17%
Togo Lomé
17%
Zambia Lusaka
17%
Marshall Islands Majuro
17%
Equatorial Guinea Malabo
17%
Mozambique Maputo
17%
Lesotho Maseru
17%
Eswatini Mbabane
17%
Comoros Moroni
17%
Palau Ngerulmud
17%
Niger Niamey
17%
Tonga Nukuʻalofa
17%
Federated States of Micronesia Palikir
17%
Mauritius Port Louis
17%
Trinidad and Tobago Port-of-Spain
17%
Benin Porto-Novo / Cotonou
17%
Vanuatu Port Vila
17%
Cape Verde Praia
17%
Dominica Roseau
17%
Grenada Saint George's
17%
Antigua and Barbuda Saint John's
17%
Fiji Suva
17%
Seychelles Victoria
17%
Nauru Yaren
17%
No matching quizzes found
Score Distribution
Percent of People with Each Score
Percentile by Number Answered
Your Score History
You have not taken this quiz